000 00434ntaaa2200181 4500
003 01
005 20251027202758.0
008 0714s1973 ag 01
040 _aAR-BaBN
_bspa
_cAR-BaBN
_eaacr
_dRIC
082 _a820.0000 H886
100 _aHudson, W.H.
_928017
245 _aThe purple land
250 _a1 ed.
260 _aLondon :
_bDuckworth,
_c1936
300 _avi, 355 p
650 _aliteratura inglesa
_926061
942 _cBK
999 _c23108
_d23108